Nucleosynthesis and chemical evolution of galaxies /

Bibliographic Details
Main Author: Pagel, B. E. J. (Bernard Ephraim Julius)
Format: Book
Language:English
Published: Cambridge ; New York, NY, USA : Cambridge University Press, 1997.
Subjects:

MARC

Tag First Indicator Second Indicator Subfields
LEADER 00000cam a2200000 a 4500
001 in00001399621
005 20151020053841.0
008 970219s1997 enka b 001 0 eng
010 |a  97005994  
020 |a 0521550610 
020 |a 0521559588 (pbk.) 
035 |a (OCoLC)36461636 
035 |9 AHM9591AM 
040 |a DLC  |c DLC  |d TXA  |d UtOrBLW 
049 |a TXAM 
050 0 0 |a QB857.5.E96  |b P34 1997 
082 0 0 |a 523.1/12  |2 21 
100 1 |a Pagel, B. E. J.  |q (Bernard Ephraim Julius) 
245 1 0 |a Nucleosynthesis and chemical evolution of galaxies /  |c B.E.J. Pagel. 
264 1 |a Cambridge ;  |a New York, NY, USA :  |b Cambridge University Press,  |c 1997. 
300 |a xiv, 378 pages :  |b illustrations ;  |c 26 cm. 
336 |a text  |b txt  |2 rdacontent 
337 |a unmediated  |b n  |2 rdamedia 
338 |a volume  |b nc  |2 rdacarrier 
504 |a Includes bibliographical references (pages [349]-362) and index. 
650 0 |a Galaxies  |x Evolution. 
650 0 |a Stars  |x Evolution. 
650 0 |a Cosmochemistry. 
650 0 |a Nucleosynthesis. 
999 |a MARS 
999 f f |s 2d65b3e1-9ad2-3972-8c1d-990d43d225e8  |i c76df4fb-95d3-328e-9436-7baf0cd6bb89  |t 0 
952 f f |p normal  |a Texas A&M University  |b College Station  |c Sterling C. Evans Library  |d Evans: Library Stacks  |t 0  |e QB857.5.E96 P34 1997  |h Library of Congress classification  |i unmediated -- volume  |m A14822023568 
998 f f |a QB857.5.E96 P34 1997  |t 0  |l Evans: Library Stacks